000 00660nam a2200217 a 4500
001 000034337
005 20200930073639.0
008 101117s1974 dr r 000 f spa d
020 _a8430304800
040 _aDO-SdBNP
_bspa
_cBNPHU
082 _a813.4
_bB414c
100 1 _aBeecher Stowe, Harriet,
_d1811-1896
_946723
245 1 3 _aLa cabaña del tio Tom /
_cHarriet Beecher Stowe ;.
260 _aBarcelona :
_bEditorial Ramón Sopena,
_c1974.
300 _c18 cm.
490 1 _aBiblioteca sopena
650 4 _aNovela estadounidense
_9262
650 4 _aLiteratura estadounidense
_ySIGLO XIX
_912793
830 0 _aBiblioteca sopena
_912815
049 _aBNGR
999 _c33828
_d33828